| Tag |
First Indicator |
Second Indicator |
Subfields |
| LEADER |
00000pam a2200000 a 4500 |
| 001 |
in00000098667 |
| 005 |
20150924085932.0 |
| 008 |
810911s1982 nyu b 00110 eng |
| 010 |
|
|
|a 81047971
|
| 020 |
|
|
|a 0060380365 :
|c $16.95
|
| 035 |
|
|
|a (OCoLC)07836196
|
| 035 |
|
|
|9 AAK9775AM
|
| 039 |
0 |
|
|a 2
|b 3
|c 3
|d 3
|e 3
|
| 040 |
|
|
|a DLC
|c DLC
|d TXA
|d UtOrBLW
|
| 043 |
|
|
|a e------
|a ee-----
|
| 049 |
|
|
|a TXAM
|c [952456]
|
| 050 |
0 |
0 |
|a D755.1
|b S53 1982
|
| 082 |
0 |
|
|a 940.54/1
|2 19
|
| 100 |
1 |
|
|a Shachtman, Tom,
|d 1942-
|
| 245 |
1 |
4 |
|a The phony war, 1939-1940 /
|c Tom Shachtman.
|
| 250 |
|
|
|a 1st ed.
|
| 264 |
|
1 |
|a New York :
|b Harper & Row,
|c [1982]
|
| 264 |
|
4 |
|c ©1982
|
| 300 |
|
|
|a xii, 289 pages ;
|c 25 cm.
|
| 336 |
|
|
|a text
|b txt
|2 rdacontent
|
| 337 |
|
|
|a unmediated
|b n
|2 rdamedia
|
| 338 |
|
|
|a volume
|b nc
|2 rdacarrier
|
| 500 |
|
|
|a Includes index.
|
| 504 |
|
|
|a Bibliography: pages 265-269.
|
| 650 |
|
0 |
|a World War, 1939-1945
|x Campaigns
|z Western Front.
|
| 650 |
|
0 |
|a World War, 1939-1945
|x Campaigns
|z Eastern Front.
|
| 999 |
|
|
|a MARS
|
| 999 |
f |
f |
|s eb416a05-a397-31ca-a3b5-36cddde82095
|i d6b47832-19b4-360f-bcab-da0e621354b1
|t 0
|
| 952 |
f |
f |
|p noncirc
|a Texas A&M University
|b College Station
|c Cushing Memorial Library & Archives
|d Cushing: Ragan Military (Does not check out)
|t 0
|e D755.1 S53 1982
|h Library of Congress classification
|i unmediated -- volume
|m A14852157065
|
| 952 |
f |
f |
|p ric
|a Texas A&M University
|b Rellis Campus
|c Joint Library Facility
|d Remote Storage
|t 0
|e D755.1 S53 1982
|h Library of Congress classification
|i unmediated -- volume
|m A14806027502
|
| 998 |
f |
f |
|a D755.1 S53 1982
|t 0
|l Cushing: Ragan Military (Does not check out)
|
| 998 |
f |
f |
|a D755.1 S53 1982
|t 0
|l Remote Storage
|